[Event "21. Open de Gros 2007"]
[Site "San Sebastián ESP"]
[Date "2011.09.09"]
[Round "1.1"]
[White "Galego, Luis"]
[Black "Navascues Zabaleta, Jesus"]
[Result "1-0"]
[WhiteElo "2477"]
[BlackElo "1758"]
[PlyCount "64"]
[EventDate "2011.09.09"]
[EventType "swiss"]
[EventRounds "9"]
[EventCountry "ESP"]
[Source "lmi"]
[SourceDate "2011.09.09"]

1. e4 c5 2. Nf3 d6 3. c3 Nf6 4. Be2 Nc6 5. d3 e6 6. O-O Be7 7. Nbd2 Qc7 8. d4
d5 9. e5 Nd7 10. a3 c4 11. b3 cxb3 12. Nxb3 Na5 13. Nxa5 Qxa5 14. Bd2 Qc7 15.
Bd3 Nb6 16. a4 Nc4 17. Bg5 Nb2 18. Bb5+ Bd7 19. Qb3 Nc4 20. Bxe7 Kxe7 21. Qb4+
Ke8 22. Bxc4 a5 23. Qb2 dxc4 24. Nd2 b5 25. axb5 Rb8 26. Ne4 Kf8 27. Nd6 g6 28.
Qa3 Kg7 29. Qxa5 Qxa5 30. Rxa5 Rb6 31. Rb1 Rhb8 32. h4 f5 1-0

[Event "21. Open de Gros 2007"]
[Site "San Sebastián ESP"]
[Date "2011.09.09"]
[Round "1.2"]
[White "Moreno Romero, Ernesto"]
[Black "Franco Alonso, Alejandro"]
[Result "0-1"]
[WhiteElo "1736"]
[BlackElo "2469"]
[PlyCount "32"]
[EventDate "2011.09.09"]
[EventType "swiss"]
[EventRounds "9"]
[EventCountry "ESP"]
[Source "lmi"]
[SourceDate "2011.09.09"]

1. e4 c5 2. Nf3 Nc6 3. c3 Nf6 4. e5 Nd5 5. d4 cxd4 6. cxd4 d6 7. Bc4 e6 8. Bxd5
exd5 9. O-O Be7 10. Nc3 Be6 11. Qb3 Qd7 12. Nxd5 dxe5 13. Nxe5 Bxd5 14. Qg3
Nxe5 15. Qxe5 O-O 16. Bf4 Bf6 0-1

[Event "21. Open de Gros 2007"]
[Site "San Sebastián ESP"]
[Date "2011.09.09"]
[Round "1.3"]
[White "Vassallo Barroche, Mauricio"]
[Black "Boo Aldanondo, Alex"]
[Result "1-0"]
[WhiteElo "2432"]
[BlackElo "1700"]
[PlyCount "61"]
[EventDate "2011.09.09"]
[EventType "swiss"]
[EventRounds "9"]
[EventCountry "ESP"]
[Source "lmi"]
[SourceDate "2011.09.09"]

1. d4 e6 2. g3 d5 3. Bg2 Nc6 4. Nf3 Be7 5. c4 dxc4 6. Qa4 Bd7 7. Qxc4 Nb4 8. a3
b5 9. Qb3 Nc6 10. O-O Nf6 11. Rd1 Rb8 12. Qc2 a5 13. Nc3 O-O 14. d5 exd5 15.
Nxd5 Nxd5 16. Rxd5 Qc8 17. Ng5 Bxg5 18. Bxg5 Re8 19. Rxd7 Ne5 20. Rxc7 Qg4 21.
Bf4 Ng6 22. Be3 h5 23. Bd5 Ne7 24. Bf3 Qh3 25. Rd1 h4 26. g4 Ng6 27. Qf5 Ne5
28. Bd5 Rf8 29. Qxe5 Qxg4+ 30. Kh1 Qxe2 31. Rg1 1-0

[Event "21. Open de Gros 2007"]
[Site "San Sebastián ESP"]
[Date "2011.09.09"]
[Round "1.4"]
[White "Lazkano Gaite, Tomas"]
[Black "Argandona Riveiro, Inigo"]
[Result "0-1"]
[WhiteElo "1700"]
[BlackElo "2387"]
[PlyCount "86"]
[EventDate "2011.09.09"]
[EventType "swiss"]
[EventRounds "9"]
[EventCountry "ESP"]
[Source "lmi"]
[SourceDate "2011.09.09"]

1. d4 g6 2. c4 Bg7 3. Nc3 d6 4. e4 Nc6 5. Be3 e5 6. d5 Nce7 7. Be2 f5 8. f4
fxe4 9. Nxe4 Nf5 10. Bd2 exf4 11. Bxf4 Bh6 12. Qd2 Qh4+ 13. g3 Bxf4 14. Qxf4
Qxf4 15. gxf4 Nh4 16. Kd2 Nh6 17. Nf3 Nxf3+ 18. Bxf3 O-O 19. Ke3 Bd7 20. b4
Rae8 21. Rhe1 Nf5+ 22. Kf2 Nd4 23. Rad1 Nc2 24. Re2 Nxb4 25. Kg3 Na6 26. Rb1
Bf5 27. Rbe1 Bxe4 28. Rxe4 Rxe4 29. Bxe4 Re8 30. Re2 Nc5 31. Bf3 Rxe2 32. Bxe2
Ne4+ 33. Kg4 Nc3 34. Bd3 Nxa2 35. Kg5 Kg7 36. h4 Nb4 37. Bb1 a5 38. f5 h6+ 39.
Kf4 gxf5 40. Kxf5 Kf7 41. Ke4 a4 42. Kd4 a3 43. c5 a2 0-1

[Event "21. Open de Gros 2007"]
[Site "San Sebastián ESP"]
[Date "2011.09.09"]
[Round "1.5"]
[White "Guijarro Galan, Jose Luis"]
[Black "Berdote Alonso, Carlos"]
[Result "1-0"]
[WhiteElo "2177"]
[BlackElo "1695"]
[PlyCount "74"]
[EventDate "2011.09.09"]
[EventType "swiss"]
[EventRounds "9"]
[EventCountry "ESP"]
[Source "lmi"]
[SourceDate "2011.09.09"]

1. e4 e5 2. Nf3 Nc6 3. Bb5 a6 4. Ba4 Nf6 5. O-O b5 6. Bb3 Be7 7. d4 d6 8. c3
O-O 9. h3 Bd7 10. Qe2 h6 11. Rd1 Qc8 12. Kh2 Re8 13. d5 Na5 14. Bc2 c6 15. Nbd2
cxd5 16. exd5 Bf5 17. Nf1 Bxc2 18. Qxc2 Qc4 19. N3d2 Qh4 20. Ng3 Bd8 21. Nf3
Qc4 22. b3 Qc7 23. Ne4 Nxe4 24. Qxe4 Qxc3 25. Bd2 Qc8 26. Rac1 Qd7 27. g4 Nb7
28. b4 a5 29. a3 axb4 30. axb4 Bb6 31. Kg2 Rec8 32. Rc6 Bd8 33. Rdc1 Be7 34. g5
hxg5 35. Bxg5 Bxg5 36. Nxg5 f5 37. Qh4 Kf8 1-0

[Event "21. Open de Gros 2007"]
[Site "San Sebastián ESP"]
[Date "2011.09.09"]
[Round "1.6"]
[White "Mohseni, Neik"]
[Black "Ladron De Guevara Galar, Fco J"]
[Result "0-1"]
[WhiteElo "1657"]
[BlackElo "2128"]
[PlyCount "117"]
[EventDate "2011.09.09"]
[EventType "swiss"]
[EventRounds "9"]
[EventCountry "ESP"]
[Source "lmi"]
[SourceDate "2011.09.09"]

1. d4 d5 2. g3 Nf6 3. Nf3 c6 4. Bg2 Bg4 5. c3 Nbd7 6. Bg5 h6 7. Bxf6 Nxf6 8.
Nbd2 e6 9. Ne5 Bf5 10. O-O Bd6 11. Nef3 O-O 12. Re1 Bh7 13. Nh4 Bc7 14. Nhf3
Re8 15. Nb3 a5 16. a4 Ne4 17. Nfd2 Nxd2 18. Nxd2 e5 19. dxe5 Rxe5 20. Nf3 Re7
21. Nd4 Qe8 22. e3 Rd8 23. Bh3 Re5 24. Nf3 Re4 25. Nd2 Re7 26. Bg2 Qd7 27. Nb3
Bb6 28. Nd2 Ba7 29. Nf3 c5 30. Re2 Be4 31. Rd2 Qe6 32. Ne1 Red7 33. Nd3 g5 34.
Qf1 d4 35. Bh3 g4 36. Nf4 Qf5 37. Bg2 dxe3 38. Rxd7 exf2+ 39. Qxf2 Rxd7 40. c4
Bxg2 41. Qxg2 Qe5 42. Qc2 Qe3+ 43. Qf2 Qxf2+ 44. Kxf2 Rd2+ 45. Kg1 Rxb2 46. Rd1
Kg7 47. Rd7 Bb8 48. Ne6+ Kf6 49. Nxc5 Ba7 50. Rc7 Bb6 51. Rc8 Rb4 52. Kf1 Bxc5
53. Rxc5 Rxa4 54. Rb5 Rxc4 55. Rxb7 Rc2 56. Rb6+ Kg7 57. Kg1 f6 58. Rb5 Ra2 59.
Rh5 0-1

[Event "21. Open de Gros 2007"]
[Site "San Sebastián ESP"]
[Date "2011.09.09"]
[Round "1.7"]
[White "Unanue Gual, Imanol"]
[Black "Torres, Patrice"]
[Result "0-1"]
[WhiteElo "1642"]
[BlackElo "1964"]
[PlyCount "58"]
[EventDate "2011.09.09"]
[EventType "swiss"]
[EventRounds "9"]
[EventCountry "ESP"]
[Source "lmi"]
[SourceDate "2011.09.09"]

1. e4 c5 2. Nf3 e6 3. d4 cxd4 4. Nxd4 Nf6 5. Bd3 Nc6 6. c3 d6 7. Be3 Be7 8. Nd2
O-O 9. O-O Bd7 10. h3 a6 11. N4f3 b5 12. Rb1 Qc7 13. Bf4 Rfd8 14. Re1 Bc8 15.
Bh2 Bb7 16. Qb3 Nd7 17. c4 Nc5 18. Qc3 b4 19. Qc2 b3 20. Qc3 bxa2 21. Ra1 Nxd3
22. Qxd3 Nb4 23. Qc3 a5 24. Nd4 Bf6 25. N2f3 Qc5 26. Rad1 Rac8 27. b3 d5 28. e5
Be7 29. Nc2 dxc4 0-1

[Event "21. Open de Gros 2007"]
[Site "San Sebastián ESP"]
[Date "2011.09.09"]
[Round "1.8"]
[White "Rodriguez Cabrera, Fco  Javier"]
[Black "Gonzalez Pueyo, Patricia"]
[Result "1-0"]
[WhiteElo "1954"]
[BlackElo "1626"]
[PlyCount "35"]
[EventDate "2011.09.09"]
[EventType "swiss"]
[EventRounds "9"]
[EventCountry "ESP"]
[Source "lmi"]
[SourceDate "2011.09.09"]

1. e4 c5 2. Nf3 d6 3. d4 cxd4 4. Nxd4 Nf6 5. Nc3 a6 6. Be3 e5 7. Nf5 d5 8. Bg5
h6 9. Bxf6 Qxf6 10. Nxd5 Qd8 11. Qf3 g6 12. Nfe3 Bg7 13. O-O-O Be6 14. Nc4 Qg5+
15. Kb1 Bg4 16. Nc7+ Ke7 17. Qa3+ Kf6 18. Qd6+ 1-0

[Event "21. Open de Gros 2007"]
[Site "San Sebastián ESP"]
[Date "2011.09.10"]
[Round "2.1"]
[White "Guerrero Itarte, Alfredo"]
[Black "Galego, Luis"]
[Result "0-1"]
[WhiteElo "1866"]
[BlackElo "2477"]
[PlyCount "54"]
[EventDate "2011.09.09"]
[EventType "swiss"]
[EventRounds "9"]
[EventCountry "ESP"]
[Source "lmi"]
[SourceDate "2011.09.09"]

1. e4 c5 2. Nf3 e6 3. d4 cxd4 4. Nxd4 Nf6 5. Bd3 Nc6 6. Be3 d5 7. Nxc6 bxc6 8.
exd5 cxd5 9. O-O Be7 10. c3 O-O 11. Nd2 e5 12. h3 h6 13. Nb3 a5 14. f4 e4 15.
Be2 a4 16. Nd4 Qc7 17. Rc1 Ba6 18. g4 Rfb8 19. b4 axb3 20. axb3 Bc5 21. Kg2
Bxe2 22. Qxe2 Bxd4 23. Bxd4 Rxb3 24. g5 hxg5 25. fxg5 Nh7 26. Ra1 Rab8 27. Ra7
Qxa7 0-1

[Event "21. Open de Gros 2007"]
[Site "San Sebastián ESP"]
[Date "2011.09.10"]
[Round "2.2"]
[White "Franco Alonso, Alejandro"]
[Black "Fernandez Zubitur, Jokin"]
[Result "1-0"]
[WhiteElo "2469"]
[BlackElo "1928"]
[PlyCount "39"]
[EventDate "2011.09.09"]
[EventType "swiss"]
[EventRounds "9"]
[EventCountry "ESP"]
[Source "lmi"]
[SourceDate "2011.09.09"]

1. Nf3 Nf6 2. c4 e6 3. g3 b6 4. Bg2 Bb7 5. O-O d5 6. cxd5 exd5 7. d4 Bd6 8. Nc3
c6 9. Bg5 h6 10. Bxf6 Qxf6 11. e4 dxe4 12. Nxe4 Qd8 13. Nxd6+ Qxd6 14. Re1+ Kf8
15. Ne5 Nd7 16. Nc4 Qc7 17. Rc1 Re8 18. Rxe8+ Kxe8 19. d5 Nc5 20. dxc6 1-0

[Event "21. Open de Gros 2007"]
[Site "San Sebastián ESP"]
[Date "2011.09.10"]
[Round "2.3"]
[White "Zubia Aramburu, Mikel"]
[Black "Vassallo Barroche, Mauricio"]
[Result "0-1"]
[WhiteElo "1791"]
[BlackElo "2432"]
[PlyCount "36"]
[EventDate "2011.09.09"]
[EventType "swiss"]
[EventRounds "9"]
[EventCountry "ESP"]
[Source "lmi"]
[SourceDate "2011.09.09"]

1. c4 e5 2. Nc3 Nf6 3. g3 c6 4. Bg2 d5 5. cxd5 cxd5 6. d4 exd4 7. Qxd4 Nc6 8.
Qd1 d4 9. Ne4 Nxe4 10. Bxe4 Bb4+ 11. Bd2 Qe7 12. Bg2 d3 13. Bxc6+ bxc6 14. Qa4
Bxd2+ 15. Kxd2 O-O 16. exd3 Qf6 17. Ne2 Rb8 18. b3 Qb2+ 0-1

[Event "21. Open de Gros 2007"]
[Site "San Sebastián ESP"]
[Date "2011.09.10"]
[Round "2.4"]
[White "Argandona Riveiro, Inigo"]
[Black "Carrascal Rosal, Alberto"]
[Result "1/2-1/2"]
[WhiteElo "2387"]
[BlackElo "1876"]
[PlyCount "70"]
[EventDate "2011.09.09"]
[EventType "swiss"]
[EventRounds "9"]
[EventCountry "ESP"]
[Source "lmi"]
[SourceDate "2011.09.09"]

1. Nf3 d5 2. d3 Nf6 3. Nbd2 Nbd7 4. e4 dxe4 5. Nxe4 g6 6. Ng3 Bg7 7. d4 b6 8.
Bc4 e6 9. h4 h6 10. Qe2 Qe7 11. c3 Bb7 12. Bf4 c5 13. O-O-O Nd5 14. Bxd5 Bxd5
15. c4 Bxf3 16. Qxf3 O-O 17. Be3 Rac8 18. d5 Ne5 19. Qe2 b5 20. cxb5 c4 21. Kb1
Nd3 22. Rxd3 cxd3 23. Qxd3 Rfd8 24. d6 Rxd6 25. Qb3 Qd7 26. Ne4 Rd5 27. Rc1
Rxc1+ 28. Bxc1 Rxb5 29. Qe3 Qd4 30. Qxd4 Bxd4 31. f3 h5 32. b3 Kg7 33. Kc2 Rd5
34. b4 Rd8 35. Bd2 e5 1/2-1/2

[Event "21. Open de Gros 2007"]
[Site "San Sebastián ESP"]
[Date "2011.09.10"]
[Round "2.5"]
[White "Orube Bona, Andoni"]
[Black "Guijarro Galan, Jose Luis"]
[Result "1-0"]
[WhiteElo "1772"]
[BlackElo "2177"]
[PlyCount "71"]
[EventDate "2011.09.09"]
[EventType "swiss"]
[EventRounds "9"]
[EventCountry "ESP"]
[Source "lmi"]
[SourceDate "2011.09.09"]

1. d4 f5 2. Bg5 Nf6 3. Nc3 d5 4. f3 Nc6 5. Qd3 e6 6. Bxf6 Qxf6 7. O-O-O Nb4 8.
Qd2 Bd6 9. Nh3 O-O 10. a3 Na6 11. e4 dxe4 12. fxe4 Qe7 13. Bc4 c6 14. Rhf1 b5
15. Bb3 Kh8 16. exf5 exf5 17. Rde1 Qc7 18. Qg5 Bd7 19. Nf4 Bxf4+ 20. Rxf4 h6
21. Rh4 Qd6 22. Re6 Qxe6 23. Bxe6 Bxe6 24. Rxh6+ gxh6 25. Qxh6+ Kg8 26. Qxe6+
Rf7 27. Qxc6 Nc7 28. Nd5 Rc8 29. Qg6+ Kf8 30. Qd6+ Kg7 31. Qe5+ Kh6 32. Qe3+
Kh7 33. Qh3+ Kg7 34. Qg3+ Kf8 35. Qe5 Nxd5 36. Qh8+ 1-0

[Event "21. Open de Gros 2007"]
[Site "San Sebastián ESP"]
[Date "2011.09.10"]
[Round "2.7"]
[White "Segovia Sanchez, Antonio"]
[Black "Izagirre Alsua, Aritz"]
[Result "1-0"]
[WhiteElo "2006"]
[BlackElo "1781"]
[PlyCount "107"]
[EventDate "2011.09.09"]
[EventType "swiss"]
[EventRounds "9"]
[EventCountry "ESP"]
[Source "lmi"]
[SourceDate "2011.09.09"]

1. d4 f5 2. c4 g6 3. Nc3 Nf6 4. h4 h6 5. e4 fxe4 6. Qc2 d5 7. Be3 c6 8. O-O-O
Bf5 9. Nge2 e6 10. Nf4 Rg8 11. f3 exf3 12. Bd3 Qd7 13. gxf3 dxc4 14. Bxf5 gxf5
15. Rhe1 Na6 16. Nxe6 Kf7 17. Nxf8 Raxf8 18. Qa4 Rg6 19. Qxc4+ Nd5 20. Bf4 Re8
21. Re5 Rxe5 22. dxe5 Nac7 23. h5 Re6 24. Qd3 Re8 25. Bxh6 Qe6 26. Bg5 Qxe5 27.
h6 Ne6 28. Nxd5 Nxg5 29. Nc3 Kg6 30. Qd6+ Qxd6 31. Rxd6+ Kf7 32. f4 Nh7 33. Kd2
Nf8 34. Ne2 Ke7 35. Rd3 Nh7 36. Ng3 Rf8 37. Re3+ Kf6 38. Re5 Rd8+ 39. Ke3 Rd5
40. Re8 Rd7 41. Rg8 Re7+ 42. Kd4 Rf7 43. Nh5+ Ke7 44. Ke5 Nf8 45. Rg7 Nd7+ 46.
Kd4 Nf8 47. Rg8 Nd7 48. Ng7 Nf6 49. Nxf5+ Kd7 50. Rg7 Ke6 51. Rxf7 Kxf7 52. Ke5
Nd5 53. h7 Ne7 54. Nxe7 1-0

[Event "21. Open de Gros 2007"]
[Site "San Sebastián ESP"]
[Date "2011.09.10"]
[Round "2.8"]
[White "Torres, Patrice"]
[Black "Espin Laborde, Jesus Maria"]
[Result "1-0"]
[WhiteElo "1964"]
[BlackElo "1765"]
[PlyCount "109"]
[EventDate "2011.09.09"]
[EventType "swiss"]
[EventRounds "9"]
[EventCountry "ESP"]
[Source "lmi"]
[SourceDate "2011.09.09"]

1. d4 Nf6 2. Nf3 g6 3. c4 Bg7 4. Nc3 d5 5. cxd5 Nxd5 6. e4 Nxc3 7. bxc3 c5 8.
Be2 O-O 9. O-O Nc6 10. Be3 Qa5 11. d5 Ne5 12. Nxe5 Bxe5 13. Rc1 Bxc3 14. Bxc5
Qxc5 15. Qd3 Bd7 16. Rxc3 Qd6 17. Rfc1 Rac8 18. Rxc8 Rxc8 19. Rxc8+ Bxc8 20.
Qe3 b6 21. Bc4 e5 22. f3 Bd7 23. Kf2 b5 24. Be2 a5 25. Qa7 a4 26. Qe3 b4 27. g4
Kg7 28. h4 f6 29. Bd1 a3 30. Qa7 Kh6 31. Kg3 g5 32. h5 Bb5 33. Bb3 Bd3 34. Qf7
Bb5 35. Bd1 Bc4 36. Ba4 Bxa2 37. Bd7 Bxd5 38. Be6 Qd8 39. Bxd5 Qd6 40. Kg2 Qd8
41. Kf1 Qd6 42. Ke2 Qa6+ 43. Kd2 Qd6 44. Ke1 Qd8 45. Qe6 Kg7 46. Qf7+ Kh6 47.
Be6 b3 48. Bxb3 Qd6 49. Bd5 Qb4+ 50. Ke2 Qb2+ 51. Kd3 Qd4+ 52. Ke2 Qb2+ 53. Kf1
Qc1+ 54. Kg2 Qd2+ 55. Kh3 1-0

[Event "21. Open de Gros 2007"]
[Site "San Sebastián ESP"]
[Date "2011.09.11"]
[Round "3.1"]
[White "Galego, Luis"]
[Black "Segovia Sanchez, Antonio"]
[Result "1-0"]
[WhiteElo "2477"]
[BlackElo "2006"]
[PlyCount "69"]
[EventDate "2011.09.09"]
[EventType "swiss"]
[EventRounds "9"]
[EventCountry "ESP"]
[Source "lmi"]
[SourceDate "2011.09.09"]

1. e4 d6 2. d4 g6 3. h4 Bg7 4. h5 c6 5. Nc3 Nd7 6. Nf3 e5 7. dxe5 dxe5 8. Bc4
Qe7 9. Ng5 Nh6 10. hxg6 hxg6 11. Be3 b6 12. Qd2 Bb7 13. O-O-O O-O-O 14. Rxh6
Bxh6 15. Nxf7 Bxe3 16. Qxe3 Nc5 17. Nxd8 Rxd8 18. Rxd8+ Kxd8 19. a3 Ne6 20.
Bxe6 Qxe6 21. b4 Kc7 22. Kb2 Ba6 23. Qh6 Qd6 24. Qg7+ Kb8 25. Qg8+ Bc8 26. g3
Qf6 27. Qc4 Bd7 28. Qd3 Bc8 29. f3 Kb7 30. b5 cxb5 31. Nxb5 Kb8 32. Qd6+ Qxd6
33. Nxd6 Be6 34. Kc3 Kc7 35. Nc4 1-0

[Event "21. Open de Gros 2007"]
[Site "San Sebastián ESP"]
[Date "2011.09.11"]
[Round "3.2"]
[White "Torres, Patrice"]
[Black "Franco Alonso, Alejandro"]
[Result "0-1"]
[WhiteElo "1964"]
[BlackElo "2469"]
[PlyCount "52"]
[EventDate "2011.09.09"]
[EventType "swiss"]
[EventRounds "9"]
[EventCountry "ESP"]
[Source "lmi"]
[SourceDate "2011.09.09"]

1. d4 Nf6 2. c4 e6 3. Nf3 b6 4. a3 Ba6 5. Qc2 Bb7 6. Nc3 c5 7. e4 cxd4 8. Nxd4
Bc5 9. Nb3 Nc6 10. Nxc5 bxc5 11. Bf4 d6 12. Be2 Nd4 13. Qd3 e5 14. Be3 O-O 15.
Nd5 Bxd5 16. exd5 Rb8 17. Bxd4 exd4 18. b4 cxb4 19. axb4 Rxb4 20. O-O Qb6 21.
Rfb1 a5 22. Rxb4 axb4 23. Rd1 Re8 24. Kf1 Ne4 25. Qxd4 Qxd4 26. Rxd4 b3 0-1

[Event "21. Open de Gros 2007"]
[Site "San Sebastián ESP"]
[Date "2011.09.11"]
[Round "3.3"]
[White "Vassallo Barroche, Mauricio"]
[Black "Tung, Siu Hung"]
[Result "1-0"]
[WhiteElo "2432"]
[BlackElo "1938"]
[PlyCount "99"]
[EventDate "2011.09.09"]
[EventType "swiss"]
[EventRounds "9"]
[EventCountry "ESP"]
[Source "lmi"]
[SourceDate "2011.09.09"]

1. d4 d6 2. g3 g6 3. Bg2 Bg7 4. Nf3 Nf6 5. b3 c5 6. Bb2 cxd4 7. Nxd4 Qa5+ 8.
Qd2 Qb6 9. c4 O-O 10. O-O Nc6 11. e3 Bd7 12. Nc3 Rad8 13. Rfd1 Nxd4 14. exd4
Bc6 15. d5 Bd7 16. Re1 Rfe8 17. h3 a6 18. Ne2 e5 19. dxe6 fxe6 20. Bd4 Qc7 21.
Rac1 e5 22. Be3 Bc6 23. Nc3 Bxg2 24. Kxg2 Qc6+ 25. Kg1 Rd7 26. Qe2 Rf7 27. Red1
Bf8 28. Bg5 Nd7 29. Ne4 h6 30. Bd2 Nc5 31. Nxc5 Qxc5 32. Be3 Qc6 33. Rd5 Re6
34. a4 Ref6 35. Qg4 Kh7 36. Rcd1 h5 37. Qe4 Qc8 38. Kg2 Qe6 39. c5 dxc5 40.
Rxe5 Qxb3 41. Rxh5+ Kg8 42. Rhd5 b5 43. axb5 axb5 44. h4 Rf5 45. h5 Rxd5 46.
Rxd5 gxh5 47. Qg6+ Bg7 48. Rxh5 Rf6 49. Qh7+ Kf7 50. Rxc5 1-0

[Event "21. Open de Gros 2007"]
[Site "San Sebastián ESP"]
[Date "2011.09.11"]
[Round "3.4"]
[White "Orube Bona, Andoni"]
[Black "Ladron De Guevara Galar, Fco J"]
[Result "0-1"]
[WhiteElo "1772"]
[BlackElo "2128"]
[PlyCount "118"]
[EventDate "2011.09.09"]
[EventType "swiss"]
[EventRounds "9"]
[EventCountry "ESP"]
[Source "lmi"]
[SourceDate "2011.09.09"]

1. e4 e5 2. Nf3 Nc6 3. Nc3 Nf6 4. d4 exd4 5. Nxd4 Bb4 6. Nxc6 bxc6 7. Bd3 d5 8.
exd5 cxd5 9. O-O O-O 10. Bg5 c6 11. Qf3 Be7 12. Rfe1 Re8 13. Qg3 Nh5 14. Qh4
Bxg5 15. Qxg5 Nf6 16. Na4 Rxe1+ 17. Rxe1 Qa5 18. Nc3 Qb4 19. Qe5 Bd7 20. a3
Qxb2 21. Rb1 Qxa3 22. Ne2 Re8 23. Qg3 Qc5 24. h3 a5 25. Qh4 Qa7 26. Nc3 c5 27.
Nxd5 Nxd5 28. Qxh7+ Kf8 29. Qh8+ Ke7 30. Qxg7 Be6 31. Qg5+ Nf6 32. Rb5 Rc8 33.
Be4 Rc7 34. Qe5 Nxe4 35. Qxe4 a4 36. Qh4+ Kd7 37. Qh8 a3 38. Rb8 Kc6 39. Qe8+
Rd7 40. Ra8 Qb7 41. Rxa3 Qb1+ 42. Kh2 Qxc2 43. Ra6+ Kc7 44. Ra7+ Kd6 45. Ra6+
Ke5 46. Rxe6+ fxe6 47. Qxd7 Qxf2 48. Qg7+ Ke4 49. Qc3 Qd4 50. Qf3+ Ke5 51. Qh5+
Kd6 52. Qh6 c4 53. Qf8+ Kd5 54. Qa8+ Ke5 55. Qa5+ Ke4 56. Qa8+ Qd5 57. Qa4 Ke3
58. Kg1 Qd4 59. Kh2 c3 0-1

[Event "21. Open de Gros 2007"]
[Site "San Sebastián ESP"]
[Date "2011.09.11"]
[Round "3.5"]
[White "Sebastiani Paoli, Ruben"]
[Black "Argandona Riveiro, Inigo"]
[Result "0-1"]
[WhiteElo "1569"]
[BlackElo "2387"]
[PlyCount "78"]
[EventDate "2011.09.09"]
[EventType "swiss"]
[EventRounds "9"]
[EventCountry "ESP"]
[Source "lmi"]
[SourceDate "2011.09.09"]

1. e4 d6 2. Nc3 e5 3. Nf3 Nf6 4. h3 Be7 5. d3 O-O 6. Be2 c6 7. O-O Nbd7 8. Nh2
Nc5 9. f4 exf4 10. Bxf4 Qb6 11. Rb1 Nxd3+ 12. Kh1 Nf2+ 13. Rxf2 Qxf2 14. Bxd6
Bxd6 15. Qxd6 Be6 16. Rd1 Nxe4 17. Nxe4 Qxe2 18. Ng3 Qxc2 19. Qd4 Bd5 20. Rg1
Rad8 21. Qg4 Qg6 22. Qf4 f5 23. Rf1 h6 24. b3 Qg5 25. Qf2 Rde8 26. Ne2 Qxg2+
27. Qxg2 Bxg2+ 28. Kxg2 Rxe2+ 29. Rf2 Rxf2+ 30. Kxf2 Rd8 31. Ke2 Re8+ 32. Kf3
Re1 33. Kf4 Rh1 34. Kg3 Rxh2 35. Kxh2 c5 36. Kg3 g5 37. a3 b5 38. h4 gxh4+ 39.
Kxh4 c4 0-1

[Event "21. Open de Gros 2007"]
[Site "San Sebastián ESP"]
[Date "2011.09.11"]
[Round "3.6"]
[White "Carrascal Rosal, Alberto"]
[Black "Rodriguez Cabrera, Fco  Javier"]
[Result "0-1"]
[WhiteElo "1876"]
[BlackElo "1954"]
[PlyCount "46"]
[EventDate "2011.09.09"]
[EventType "swiss"]
[EventRounds "9"]
[EventCountry "ESP"]
[Source "lmi"]
[SourceDate "2011.09.09"]

1. d4 Nf6 2. c4 g6 3. Nc3 Bg7 4. e4 d6 5. Nf3 O-O 6. Be2 e5 7. O-O Nc6 8. d5
Ne7 9. b4 a5 10. Ba3 axb4 11. Bxb4 b6 12. a4 Ba6 13. Re1 Nd7 14. Qb3 Nc5 15.
Bxc5 dxc5 16. a5 bxa5 17. Qa3 Qd6 18. Reb1 Nc8 19. Nb5 Bxb5 20. Rxb5 c6 21.
Rxc5 cxd5 22. Rxc8 Qxa3 23. Rxf8+ Qxf8 0-1

[Event "21. Open de Gros 2007"]
[Site "San Sebastián ESP"]
[Date "2011.09.11"]
[Round "3.7"]
[White "Fernandez Zubitur, Jokin"]
[Black "Berdote Alonso, Carlos"]
[Result "1-0"]
[WhiteElo "1928"]
[BlackElo "1695"]
[PlyCount "63"]
[EventDate "2011.09.09"]
[EventType "swiss"]
[EventRounds "9"]
[EventCountry "ESP"]
[Source "lmi"]
[SourceDate "2011.09.09"]

1. e4 e5 2. Nf3 Nc6 3. d4 exd4 4. Nxd4 Bc5 5. Nxc6 Qf6 6. Qd2 Qxc6 7. Nc3 Bb4
8. Bd3 Ne7 9. O-O O-O 10. Qg5 Bxc3 11. bxc3 Re8 12. c4 Qf6 13. Qxf6 gxf6 14.
Bb2 Kg7 15. f4 Nc6 16. Rf3 Re6 17. f5 Re8 18. Rg3+ Kf8 19. Bxf6 d6 20. Rg7 h6
21. Rh7 Ne7 22. Rxh6 Bd7 23. Rh8+ Ng8 24. h4 Bxf5 25. exf5 Rec8 26. h5 Ke8 27.
Rxg8+ Kd7 28. Rxc8 Rxc8 29. g4 Re8 30. Kf2 Rg8 31. g5 c6 32. h6 1-0

[Event "21. Open de Gros 2007"]
[Site "San Sebastián ESP"]
[Date "2011.09.11"]
[Round "3.8"]
[White "Espin Laborde, Jesus Maria"]
[Black "Guerrero Itarte, Alfredo"]
[Result "1/2-1/2"]
[WhiteElo "1765"]
[BlackElo "1866"]
[PlyCount "46"]
[EventDate "2011.09.09"]
[EventType "swiss"]
[EventRounds "9"]
[EventCountry "ESP"]
[Source "lmi"]
[SourceDate "2011.09.09"]

1. e4 c5 2. Nf3 Nc6 3. d4 cxd4 4. Nxd4 Nf6 5. Nc3 e5 6. Ndb5 d6 7. Bg5 a6 8.
Bxf6 gxf6 9. Na3 b5 10. Nd5 f5 11. Bd3 Be6 12. c3 Bg7 13. Ne3 f4 14. Nd5 O-O
15. O-O Qg5 16. f3 Ra7 17. Qe2 f5 18. Kh1 Qd8 19. Nc2 fxe4 20. Bxe4 Ne7 21.
Rad1 Nf5 22. Bxf5 Bxf5 23. Ncb4 Qd7 1/2-1/2

[Event "21. Open de Gros 2007"]
[Site "San Sebastián ESP"]
[Date "2011.09.12"]
[Round "4.1"]
[White "Ladron De Guevara Galar, Fco J"]
[Black "Galego, Luis"]
[Result "0-1"]
[WhiteElo "2128"]
[BlackElo "2477"]
[PlyCount "116"]
[EventDate "2011.09.09"]
[EventType "swiss"]
[EventRounds "9"]
[EventCountry "ESP"]
[Source "lmi"]
[SourceDate "2011.09.09"]

1. d4 Nf6 2. Nf3 d6 3. c4 Nbd7 4. Nc3 e5 5. e4 Be7 6. Be2 O-O 7. O-O c6 8. h3
Re8 9. Be3 exd4 10. Nxd4 Bf8 11. Qc2 Nc5 12. Bf3 Qe7 13. Rae1 a5 14. b3 g6 15.
Bc1 Bg7 16. Bb2 Nfd7 17. Qd2 Qh4 18. Bd1 Ne5 19. Nf3 Nxf3+ 20. Bxf3 Be5 21. Nd1
Qf6 22. Qe2 Ne6 23. Bg4 Nf4 24. Qd2 Qg5 25. Ne3 Bxb2 26. Qxb2 Nd3 27. Qd4 Nxe1
28. Rxe1 Qe5 29. Rd1 Qxd4 30. Rxd4 Bxg4 31. hxg4 Rad8 32. g5 c5 33. Rd3 Rxe4
34. Nd5 Kg7 35. f3 Re2 36. a4 h6 37. gxh6+ Kxh6 38. Nc3 Re6 39. Ne4 b6 40. Nc3
Rde8 41. Nd5 Re1+ 42. Kh2 R8e6 43. Nf4 R1e3 44. Rd5 Rf6 45. Nd3 Kg7 46. Kg3 Re2
47. Nf4 Re5 48. Rd3 Rg5+ 49. Kh4 Re5 50. Nd5 Rfe6 51. Kg3 Re1 52. Kf2 R6e2+ 53.
Kg3 Rg1 54. Nf4 Rb2 55. Kh2 Rc1 56. Rxd6 Rxb3 57. Nd5 Rxc4 58. Nxb6 Rc2 0-1